000 00280nam a2200109Ia 4500
008 200302s9999 xx 000 0 und d
100 _aChoi Jihyun,Ha Jihae, Lydia Kim
245 _aInterior+Architecture+ Detail 4
260 _bArchiworld Co. Ltd.
260 _c2010
300 _a285
999 _c3592
_d3592